000
00336 a2200157 4500
001
179030
020
_a
040
_c
Magnum
100
_a
Casasanta, Therezinha
240
1
0
_a
Sula brigou com a comida
_l
por
245
1
0
_a
Sula brigou com a comida
300
_a
24
362
0
_a
1991
697
_a
LITERATURA INFANTO
942
_c
BK
999
_c
179030
_d
179030